[Event "RUS Rapid GP Serpukhov"]
[Site "Serpukhov RUS"]
[Date "2018.02.24"]
[Round "7.6"]
[White "Smirnov, Timofey"]
[Black "Morozevich, Alexander"]
[Result "1/2-1/2"]
[WhiteTitle "FM"]
[BlackTitle "GM"]
[WhiteElo "2324"]
[BlackElo "2665"]
[WhiteFideId "24176427"]
[BlackFideId "4116992"]
[EventDate "2018.02.23"]

1. e4 c5 2. Nf3 g6 3. c4 Bg7 4. d4 d6 5. Nc3 Nf6 6. dxc5 dxc5 7. Qxd8+ Kxd8 8.
Be3 Nfd7 9. O-O-O Bxc3 10. bxc3 b6 11. e5 Ke8 12. e6 fxe6 13. Ng5 Nf8 14. Be2
Bb7 15. Bg4 Nbd7 16. Bxe6 Nxe6 17. Nxe6 Bxg2 18. Rhg1 Bh3 19. Nc7+ Kf7 20. Nxa8
Rxa8 21. Rge1 Re8 22. Bg5 Nb8 23. Rd3 Bf5 24. Rde3 Nc6 25. f4 a6 26. R3e2 b5 27.
cxb5 axb5 28. a3 h5 29. Re3 Bg4 30. Kc2 b4 31. axb4 cxb4 32. cxb4 Nxb4+ 33. Kb3
Nd5 34. Re5 e6 35. Rxd5 Rb8+ 36. Kc4 exd5+ 37. Kxd5 Rb7 38. h4 1/2-1/2

[Event "RUS Rapid GP Serpukhov"]
[Site "Serpukhov RUS"]
[Date "2018.02.24"]
[Round "7.7"]
[White "Perov, German"]
[Black "Volkov, Sergey"]
[Result "0-1"]
[BlackTitle "GM"]
[WhiteElo "2069"]
[BlackElo "2612"]
[WhiteFideId "44111410"]
[BlackFideId "4122763"]
[EventDate "2018.02.23"]

1. e4 e6 2. d4 d5 3. exd5 exd5 4. Nf3 Nf6 5. c4 Bb4+ 6. Nc3 O-O 7. Be2 Be6 8.
cxd5 Nxd5 9. Bd2 Nc6 10. O-O h6 11. Ne4 Bf5 12. Ng3 Bg4 13. h3 Bxf3 14. Bxf3
Bxd2 15. Qxd2 Nce7 16. Rfe1 c6 17. Rac1 Qd7 18. Ne4 Rad8 19. Qa5 a6 20. Nc5 Qc8
21. Qd2 Qc7 22. Nd3 Nf5 23. Re5 Nde7 24. d5 Nd4 25. Qe3 Nxf3+ 26. Qxf3 f6 27.
Ree1 Nxd5 28. Nc5 Rde8 29. Ne6 Qa5 30. a3 Rf7 31. b4 Qb6 32. Nc5 Qd8 33. Red1
Qd6 34. Qb3 Rfe7 35. a4 Kh8 36. b5 axb5 37. axb5 f5 38. bxc6 bxc6 39. Nb7 Qg6
40. Na5 Nf4 41. Qf3 Ne2+ 42. Kh2 Nxc1 43. Rxc1 c5 44. Qf4 Rc8 45. Nc4 Re4 46.
Qd6 Qe6 47. Qd3 Rd4 48. Qc2 Qe4 49. Ne3 Qxc2 50. Rxc2 f4 51. Nf5 Rd7 0-1

[Event "RUS Rapid GP Serpukhov"]
[Site "Serpukhov RUS"]
[Date "2018.02.24"]
[Round "7.8"]
[White "Goganov, Aleksey"]
[Black "Vul, Arkadi Eremeevich"]
[Result "1-0"]
[WhiteTitle "GM"]
[BlackTitle "GM"]
[WhiteElo "2564"]
[BlackElo "2225"]
[WhiteFideId "24109959"]
[BlackFideId "4104307"]
[EventDate "2018.02.23"]

1. d4 d5 2. c4 e6 3. Nc3 c6 4. e3 Nf6 5. Nf3 Nbd7 6. Qc2 Bd6 7. Be2 dxc4 8. Bxc4
O-O 9. O-O e5 10. h3 Qc7 11. Bb3 Re8 12. Bd2 exd4 13. exd4 Nf8 14. Bg5 Nh5 15.
d5 cxd5 16. Qd1 Be6 17. Nxd5 Bxd5 18. Bxd5 Ne6 19. Bxe6 Rxe6 20. Nd4 Re5 21.
Qxh5 h6 22. Nf3 Rb5 23. a4 Rd5 24. Rfd1 Ra5 25. b4 Bxb4 26. Qh4 hxg5 27. Qxb4
Rf5 28. Rac1 Qa5 29. Qxa5 Rxa5 30. Rc4 Re8 31. Rd7 b6 32. Rcc7 1-0

[Event "RUS Rapid GP Serpukhov"]
[Site "Serpukhov RUS"]
[Date "2018.02.24"]
[Round "7.9"]
[White "Geivondian, Arman"]
[Black "Savchenko, Boris"]
[Result "0-1"]
[WhiteTitle "FM"]
[BlackTitle "GM"]
[WhiteElo "2380"]
[BlackElo "2550"]
[WhiteFideId "24102032"]
[BlackFideId "4147332"]
[EventDate "2018.02.23"]

1. d4 Nf6 2. Nf3 e6 3. c4 c5 4. e3 d5 5. Nc3 Nc6 6. cxd5 exd5 7. dxc5 Bxc5 8.
Be2 O-O 9. O-O Re8 10. b3 a6 11. Bb2 Ba7 12. Rc1 Qd6 13. Qd3 Bg4 14. Rfd1 Rad8
15. Qb1 d4 16. h3 Bh5 17. Nxd4 Nxd4 18. Bxh5 Nxh5 19. exd4 Nf4 20. Re1 Bxd4 21.
Ne4 Qg6 22. Ng3 Qxg3 0-1

[Event "RUS Rapid GP Serpukhov"]
[Site "Serpukhov RUS"]
[Date "2018.02.24"]
[Round "7.10"]
[White "Girya, Olga"]
[Black "Nozdrachev, Vladislav"]
[Result "0-1"]
[WhiteTitle "WGM"]
[BlackTitle "IM"]
[WhiteElo "2482"]
[BlackElo "2485"]
[WhiteFideId "4195752"]
[BlackFideId "24113441"]
[EventDate "2018.02.23"]

1. d4 Nf6 2. Nf3 e6 3. c4 c5 4. d5 exd5 5. cxd5 d6 6. Nc3 g6 7. h3 Bg7 8. e4 O-O
9. Bd3 a6 10. a4 Nbd7 11. Bf4 Qe7 12. O-O Ne8 13. a5 Rb8 14. Qc2 b5 15. axb6
Rxb6 16. Nd2 Ne5 17. Bxe5 Bxe5 18. Nc4 Rb4 19. Nxe5 Qxe5 20. Bxa6 Bxa6 21. Rxa6
Nf6 22. Re1 Rfb8 23. Ra2 h5 24. f3 h4 25. Qf2 g5 26. Nd1 Nh5 27. Ne3 Rxb2 28.
Rxb2 Rxb2 29. Nc4 Rxf2 30. Nxe5 Rc2 31. Ng4 Nf4 32. Ne3 Ra2 33. Kf1 Kg7 34. Rb1
Kf6 35. Rb6 Ke5 36. Nc4+ Kd4 37. Nxd6 Ra1+ 38. Kf2 Nd3+ 39. Ke2 Ra2+ 40. Kf1 c4
41. Rc6 Ne5 42. Nf5+ Kd3 43. Rc7 c3 44. d6 c2 45. d7 Ra8 46. Ne7 Kd2 47. Nc8
Ra1+ 0-1

[Event "RUS Rapid GP Serpukhov"]
[Site "Serpukhov RUS"]
[Date "2018.02.24"]
[Round "7.11"]
[White "Hasangatin, Ramil"]
[Black "Sakun, Volodymyr"]
[Result "1-0"]
[WhiteTitle "GM"]
[BlackTitle "FM"]
[WhiteElo "2502"]
[BlackElo "2330"]
[WhiteFideId "4122160"]
[BlackFideId "14114062"]
[EventDate "2018.02.23"]

1. d4 d5 2. Bf4 Nf6 3. e3 e6 4. Nd2 c5 5. c3 Nc6 6. Ngf3 Bd6 7. Bg3 O-O 8. Bb5
a6 9. Bxc6 bxc6 10. Qa4 Bb7 11. Bxd6 Qxd6 12. Qa3 a5 13. Nb3 Ne4 14. Nxc5 Nxc5
15. Qxc5 Qxc5 16. dxc5 f6 17. Nd4 e5 18. Nf5 Rfb8 19. b3 Kf7 20. O-O-O g6 21.
Nd6+ Ke6 22. f4 Ba6 23. Rd2 e4 24. g4 Bd3 25. h4 Rg8 26. Rg2 a4 27. b4 a3 28. g5
Raf8 29. Rhg1 Rh8 30. Kd2 Bc4 31. Nb7 Ra8 32. Kc1 fxg5 33. hxg5 Ra7 34. Nd6 Bd3
35. Rh1 Rg7 36. Rh6 Kd7 37. Rgh2 Kc7 38. Kd2 Kd7 39. c4 dxc4 40. Kc3 Kc7 41.
Nxc4 Bxc4 42. Kxc4 Rd7 43. Rxg6 hxg6 44. Rxh8 Rd2 45. Rh7+ Kc8 46. f5 Kd8 47.
fxg6 1-0

[Event "RUS Rapid GP Serpukhov"]
[Site "Serpukhov RUS"]
[Date "2018.02.24"]
[Round "7.12"]
[White "Bespalov, Konstantin"]
[Black "Evdokimov, Alexander A."]
[Result "0-1"]
[BlackTitle "GM"]
[WhiteElo "2258"]
[BlackElo "2502"]
[WhiteFideId "4142438"]
[BlackFideId "4139275"]
[EventDate "2018.02.23"]

1. e4 c5 2. Nc3 Nc6 3. g3 g6 4. Bg2 Bg7 5. Nge2 Rb8 6. d3 b5 7. O-O b4 8. Nd5 e6
9. Ne3 Nge7 10. f4 Nd4 11. Nxd4 cxd4 12. Nc4 d5 13. Ne5 O-O 14. a3 a5 15. axb4
axb4 16. b3 Bb7 17. Qe2 Qc7 18. Bb2 Bxe5 19. fxe5 Qxe5 20. Bc1 dxe4 21. Bf4 Qc5
22. Bxb8 Rxb8 23. Bxe4 Nd5 24. Rf2 Rf8 25. Bg2 Nc3 26. Qd2 Bxg2 27. Rxg2 Nd5 28.
Rf2 Ne3 29. Ra4 Rb8 30. Qe2 Qd5 31. Ra7 Rb7 32. Ra8+ Kg7 33. Qe1 h5 34. Qa1 Ng4
35. Re2 Ne5 36. Re4 Nc6 37. Qa6 Rc7 38. Qb6 Qd7 39. Qc5 Qe7 40. Qb5 Qd6 41. Qb6
Qd7 42. Qc5 Qe7 43. Qb6 Qd7 44. Qb5 Qd6 45. Ra6 Qd7 46. Qb6 Rc8 47. Qb5 Rc7 48.
Qb6 Rc8 49. Qb5 Rc7 50. Re2 Qc8 51. Ra1 Kh7 52. Rf1 Kg7 53. Qg5 Qd7 54. Qf6+ Kg8
55. Ref2 Qe7 56. Qf4 Rd7 57. Qe4 Nd8 58. Ra1 Qc5 59. Qh4 Qd5 60. Qf6 Rc7 61. Ra4
Kh7 62. Rxb4 Ra7 63. Ra4 Rxa4 64. bxa4 Kg8 65. a5 Qxa5 66. Qxd4 Nc6 67. Qf6 Qa7
68. h4 Nd4 69. Kh2 Nf5 70. c4 Qxf2+ 0-1

[Event "RUS Rapid GP Serpukhov"]
[Site "Serpukhov RUS"]
[Date "2018.02.24"]
[Round "7.13"]
[White "Krylov, Mikhail RUS"]
[Black "Volovikov, Anton"]
[Result "1-0"]
[WhiteTitle "GM"]
[BlackTitle "FM"]
[WhiteElo "2476"]
[BlackElo "2271"]
[WhiteFideId "4151364"]
[BlackFideId "14120283"]
[EventDate "2018.02.23"]

1. c4 e5 2. Nc3 Bb4 3. g3 Bxc3 4. bxc3 d6 5. Bg2 f5 6. d3 Nf6 7. Nf3 O-O 8. O-O
c5 9. Nd2 Nc6 10. f4 Be6 11. e4 exf4 12. Rxf4 Qd7 13. Rb1 Rae8 14. Qf1 fxe4 15.
Nxe4 Nxe4 16. Bxe4 b6 17. Qg2 Ne5 18. Rxf8+ Rxf8 19. Bf4 Ng4 20. Re1 Nf6 21. Bc6
Qc8 22. Bb7 Qd7 23. Qc6 Qxc6 24. Bxc6 Bf5 25. Bxd6 Rd8 26. Be7 Rxd3 27. Bxf6
gxf6 28. Bd5+ Kf8 29. Rf1 Bg6 30. Rxf6+ Ke7 31. Rf3 Rd1+ 32. Rf1 Rd3 33. Rf3 Rd2
34. Rf2 Rd3 35. Rf3 Rd2 36. a4 Ra2 37. Bc6 Kd6 38. Rf6+ Ke5 39. Rf3 Kd6 40. Bb5
Rc2 41. h4 Be4 42. Re3 Bb7 43. Rd3+ Ke5 44. Rd7 Be4 45. Re7+ 1-0

[Event "RUS Rapid GP Serpukhov"]
[Site "Serpukhov RUS"]
[Date "2018.02.24"]
[Round "7.14"]
[White "Kharchenko, Boris"]
[Black "Agapov, Sergey"]
[Result "1-0"]
[WhiteTitle "GM"]
[BlackTitle "FM"]
[WhiteElo "2464"]
[BlackElo "2265"]
[WhiteFideId "14113210"]
[BlackFideId "4154258"]
[EventDate "2018.02.23"]

1. e4 d5 2. exd5 Qxd5 3. Nc3 Qd6 4. d4 Nf6 5. Nf3 c6 6. Ne5 Bf5 7. Bc4 e6 8. g4
Bg6 9. h4 Nbd7 10. Nxd7 Qxd7 11. h5 Be4 12. Nxe4 Nxe4 13. Be3 Be7 14. Qf3 Nf6
15. O-O-O Nd5 16. Bd2 h6 17. Qe4 O-O-O 18. c3 Rhe8 19. f4 f5 20. Qg2 Bd6 21.
Rhf1 Nf6 22. Be2 fxg4 23. Bxg4 Nxg4 24. Qxg4 Rf8 25. Rde1 Rf5 26. Rg1 Rdf8 27.
Qxg7 Rxh5 28. Qg6 Qf7 29. Rxe6 Bxf4 30. Qxf7 Rxf7 31. Bxf4 Rxf4 32. Rg7 Rf8 33.
Kc2 Rg5 34. Rh7 h5 35. Ree7 Rb5 36. a4 Ra5 37. Rc7+ 1-0

[Event "RUS Rapid GP Serpukhov"]
[Site "Serpukhov RUS"]
[Date "2018.02.24"]
[Round "7.15"]
[White "Denisov, Vladislav"]
[Black "Solozhenkin, Evgeniy"]
[Result "1/2-1/2"]
[BlackTitle "GM"]
[WhiteElo "2227"]
[BlackElo "2433"]
[WhiteFideId "4100867"]
[BlackFideId "4102266"]
[EventDate "2018.02.23"]

1. e4 c5 2. Nf3 e6 3. c3 d5 4. exd5 Qxd5 5. d4 Nf6 6. Be3 Nc6 7. Nbd2 Ng4 8. c4
Qd8 9. d5 Nxe3 10. fxe3 exd5 11. cxd5 Qxd5 12. Bc4 Qh5 13. O-O Be7 14. Ne4 O-O
15. Nfg5 Qxd1 16. Raxd1 Ne5 17. Bd5 Bg4 18. Nf3 Nxf3+ 19. gxf3 Bh3 20. Rf2 Rad8
21. Rfd2 b6 22. Nf2 Bc8 23. f4 g6 24. Kg2 Kg7 25. Kg3 f5 26. Bc6 Rxd2 27. Rxd2
Rd8 28. Rxd8 Bxd8 29. b3 Ba6 30. Kf3 Bf6 31. e4 Bd4 32. Bd5 Bxf2 33. Kxf2 fxe4
34. Bxe4 Kf6 35. h4 Bc8 36. Kf3 b5 37. Bc6 b4 38. Ke4 Be6 39. Bb5 a5 40. Be2 a4
41. Bd1 a3 1/2-1/2

[Event "RUS Rapid GP Serpukhov"]
[Site "Serpukhov RUS"]
[Date "2018.02.24"]
[Round "7.16"]
[White "Lavrov, Maxim1"]
[Black "Klimentov, Roman"]
[Result "1-0"]
[WhiteTitle "IM"]
[WhiteElo "2384"]
[BlackElo "2211"]
[WhiteFideId "4166418"]
[BlackFideId "4130286"]
[EventDate "2018.02.23"]

1. e4 c5 2. c3 d5 3. exd5 Qxd5 4. d4 Nc6 5. Nf3 Bf5 6. Be2 cxd4 7. cxd4 Bxb1 8.
Rxb1 e6 9. a3 Nf6 10. O-O Be7 11. Be3 O-O 12. b4 a6 13. Bd3 Rfd8 14. Qe2 Qd7 15.
Rfc1 Nd5 16. h3 Bf6 17. Be4 g6 18. Qc4 Rac8 19. Qb3 b5 20. Rc5 Be7 21. Rc2 Bf6
22. Rbc1 Nce7 23. Rc5 Nb6 24. Bd3 Ned5 25. Qc2 Qb7 26. Bg5 Bxg5 27. Nxg5 Nf4 28.
Be4 Qd7 29. Qd2 Nfd5 30. Nf3 Nc4 31. Qh6 f5 32. Bxd5 exd5 33. h4 Rxc5 34. bxc5
Re8 35. h5 Qg7 36. Qf4 Qf6 37. h6 Nxa3 38. Qc7 Nc4 39. Ra1 Qe7 40. Qc6 Qe6 41.
Qb7 Re7 42. Qxa6 Qxa6 43. Rxa6 b4 44. Ng5 Re8 45. Ra7 Re1+ 46. Kh2 Kf8 47. Nxh7+
Ke8 48. Nf6+ Kd8 49. h7 1-0

[Event "RUS Rapid GP Serpukhov"]
[Site "Serpukhov RUS"]
[Date "2018.02.24"]
[Round "7.17"]
[White "Fakhrutdinov, Timur"]
[Black "Sergienko, Sergey"]
[Result "1-0"]
[WhiteTitle "FM"]
[BlackTitle "IM"]
[WhiteElo "2429"]
[BlackElo "2315"]
[WhiteFideId "24176702"]
[BlackFideId "4115791"]
[EventDate "2018.02.23"]

1. e4 g6 2. d4 Bg7 3. Nc3 c6 4. Nf3 d5 5. h3 dxe4 6. Nxe4 Nf6 7. Nxf6+ exf6 8.
Bc4 O-O 9. O-O Nd7 10. Re1 Nb6 11. Bb3 Nd5 12. c4 Nc7 13. d5 cxd5 14. cxd5 Ne8
15. Bf4 Nd6 16. Qd4 a5 17. Qc5 Ra6 18. Rac1 g5 19. Bxd6 Rxd6 20. Nd4 a4 21. Nb5
Rd7 22. Bc4 b6 23. Qb4 Bb7 24. Nc3 f5 25. Qxa4 Rd6 26. Qb4 Bd4 27. Nb5 Bc5 28.
Qd2 Rg6 29. b4 Be7 30. Bb3 Bf6 31. Qd3 g4 32. hxg4 fxg4 33. g3 Ba6 34. a4 Re8
35. Rxe8+ Qxe8 36. d6 Bd8 37. Qd5 Re6 38. Qd2 Re2 39. Qf4 h5 40. Nc7 Bxc7 41.
Rxc7 Re1+ 42. Kh2 1-0

[Event "RUS Rapid GP Serpukhov"]
[Site "Serpukhov RUS"]
[Date "2018.02.24"]
[Round "7.18"]
[White "Iljiushenok, Ilia"]
[Black "Moskvin, Anatoly"]
[Result "1/2-1/2"]
[WhiteTitle "IM"]
[WhiteElo "2528"]
[BlackElo "2088"]
[WhiteFideId "24105074"]
[BlackFideId "24199990"]
[EventDate "2018.02.23"]

1. c4 g6 2. Nc3 Bg7 3. d4 c5 4. e3 Nf6 5. Nf3 O-O 6. Be2 cxd4 7. exd4 d5 8. O-O
a6 9. cxd5 Nxd5 10. Qb3 Nxc3 11. bxc3 Qc7 12. Bg5 Nc6 13. Rad1 b5 14. a4 bxa4
15. Qxa4 e6 16. Nd2 Ne7 17. Ne4 Bb7 18. Nc5 Bc6 19. Qa3 Nf5 20. Bd3 h6 21. Bxf5
gxf5 22. Bh4 a5 23. c4 Rfc8 24. Rfe1 Be8 25. Qf3 Qc6 26. Qe3 Kh7 27. Bg3 a4 28.
Be5 Bxe5 29. Qxe5 Qc7 30. Qf6 Qd8 31. Qe5 Qg5 32. Rd3 Qg7 33. Qf4 Qg5 34. Qe5
Qg7 35. Qf4 Qg5 36. Qe5 Qg7 37. Qf4 Qg5 38. Qe5 Qg7 39. Qf4 Qg5 1/2-1/2

[Event "RUS Rapid GP Serpukhov"]
[Site "Serpukhov RUS"]
[Date "2018.02.24"]
[Round "7.19"]
[White "Cherenkov, Andrey"]
[Black "Popov, Ivan RUS"]
[Result "1/2-1/2"]
[WhiteTitle "FM"]
[BlackTitle "GM"]
[WhiteElo "2177"]
[BlackElo "2608"]
[WhiteFideId "4185315"]
[BlackFideId "4170350"]
[EventDate "2018.02.23"]

1. e4 c5 2. Nc3 a6 3. g3 b5 4. Bg2 Bb7 5. d3 e6 6. f4 b4 7. Nce2 d5 8. e5 Ne7 9.
Be3 Qc7 10. Bf2 d4 11. Nf3 Nd5 12. O-O Be7 13. Nd2 Nd7 14. Ne4 O-O 15. c3 dxc3
16. bxc3 bxc3 17. Qc2 Rfd8 18. N2xc3 Nb4 19. Qe2 Nb6 20. Rfd1 Rd7 21. a3 Nc6 22.
Nxc5 Nd4 23. Bxd4 Bxc5 24. Bxc5 Qxc5+ 25. Qf2 Qxc3 26. Qxb6 Bxg2 27. Kxg2 Rxd3
28. Rxd3 Qxd3 29. Qd6 Qc2+ 30. Kh3 Rc8 31. Rd1 Qf5+ 32. Kg2 h5 33. Rd2 Qe4+ 34.
Kh3 Qf5+ 35. Kg2 Rc3 36. Qxa6 Qe4+ 37. Kh3 Kh7 38. a4 Qxf4 39. Qe2 Qf5+ 40. Kg2
Rc5 41. Qf2 Rxe5 42. Qxf5+ Rxf5 43. Ra2 Ra5 44. Kf3 f5 45. Ke3 e5 46. Kd3 g5 47.
Kc4 Kg6 48. Kb4 Ra8 49. a5 f4 50. Kc5 Kf5 51. gxf4 exf4 52. Kc6 g4 53. Kb7 Rh8
54. Rc2 Rh7+ 55. Rc7 Rxc7+ 56. Kxc7 f3 57. a6 f2 58. a7 f1=Q 59. a8=Q Qf4+ 60.
Kd7 Qd4+ 61. Kc7 Qe5+ 62. Kd7 Qe6+ 63. Kc7 Qe7+ 64. Kb6 Qd6+ 65. Kb5 Qxh2 66.
Qc8+ Ke4 67. Qc4+ Kf3 68. Qd3+ Kf2 69. Qd4+ Kg3 70. Qe5+ Kg2 71. Qd5+ Kf2 72.
Qd4+ Kf3 73. Qd3+ Kg2 74. Qd5+ Kg3 75. Qe5+ Kg2 76. Qd5+ Kf2 77. Qd4+ 1/2-1/2

[Event "RUS Rapid GP Serpukhov"]
[Site "Serpukhov RUS"]
[Date "2018.02.24"]
[Round "7.21"]
[White "Novikov, Aleksey"]
[Black "Kholin, Aleksandr"]
[Result "1-0"]
[BlackTitle "FM"]
[WhiteElo "1869"]
[BlackElo "2410"]
[WhiteFideId "34106500"]
[BlackFideId "14179385"]
[EventDate "2018.02.23"]

1. e4 e5 2. Nf3 Nc6 3. Bb5 a6 4. Ba4 Nf6 5. O-O b5 6. Bb3 Be7 7. d3 d6 8. a4 b4
9. Nbd2 O-O 10. Nc4 h6 11. h3 Nd7 12. c3 Rb8 13. d4 bxc3 14. bxc3 exd4 15. cxd4
Bf6 16. Be3 Re8 17. Bc2 Nb4 18. Rb1 Nxc2 19. Qxc2 Rxb1 20. Rxb1 Qe7 21. Nfd2 Nf8
22. Na5 Qd7 23. Nc6 Ne6 24. d5 Ng5 25. a5 Nxh3+ 26. gxh3 Qxh3 27. Qd1 Bc3 28.
Qf1 Qh4 29. f3 f5 30. Qf2 Qh5 31. Rb8 Bxd2 32. Bxd2 Kh7 33. Rxc8 Rxc8 34. Ne7
Rb8 35. Nxf5 Rb1+ 36. Be1 Qg5+ 37. Kf1 g6 38. Nd4 Qc1 39. Ne6 Rb2 40. Qd4 1-0

[Event "RUS Rapid GP Serpukhov"]
[Site "Serpukhov RUS"]
[Date "2018.02.24"]
[Round "7.22"]
[White "Bordovsky, Vladimir"]
[Black "Klimentov, Evgeny"]
[Result "1/2-1/2"]
[BlackTitle "FM"]
[WhiteElo "2326"]
[BlackElo "2232"]
[WhiteFideId "14118467"]
[BlackFideId "24128899"]
[EventDate "2018.02.23"]

1. Nf3 g6 2. d4 Bg7 3. c3 d5 4. Bg5 Nf6 5. Nbd2 O-O 6. e3 b6 7. a4 Ba6 8. Bxa6
Nxa6 9. Qe2 Qc8 10. O-O c5 11. Rfe1 e6 12. h3 Qb7 13. Ne5 Nb8 14. a5 Nbd7 15. a6
Qc7 16. f4 Rfc8 17. Qb5 Nxe5 18. fxe5 Nh5 19. Rf1 Rf8 20. Bh4 Bh6 21. Qe2 Ng7
22. g4 g5 23. Rf6 gxh4 24. Rxh6 f5 25. g5 f4 26. Rf6 fxe3 27. Qxe3 Nf5 28. Qf2
cxd4 29. cxd4 Qc2 30. Nf3 Qe4 31. Rf1 Rac8 32. Nd2 Qd3 33. Nf3 Rc2 34. Ne1 Rxf2
35. Nxd3 Rxf1+ 36. Kxf1 Nxd4 37. Nf4 Rxf6 38. exf6 Kf7 39. Kf2 h6 40. gxh6 Kxf6
41. Nd3 Kg6 42. Ke3 Nc6 43. b4 b5 44. Nf4+ Kxh6 45. Nxe6 Nxb4 46. Nc7 Kg5 47.
Nxb5 Nxa6 48. Nxa7 Nb4 49. Nb5 Nc6 50. Nc7 Ne7 51. Ne6+ Kf5 52. Nd4+ Kg5 53.
Nf3+ Kh5 1/2-1/2

[Event "RUS Rapid GP Serpukhov"]
[Site "Serpukhov RUS"]
[Date "2018.02.24"]
[Round "8.1"]
[White "Kryakvin, Dmitry"]
[Black "Bocharov, Dmitry"]
[Result "1-0"]
[WhiteTitle "GM"]
[BlackTitle "GM"]
[WhiteElo "2567"]
[BlackElo "2594"]
[WhiteFideId "4153278"]
[BlackFideId "4138716"]
[EventDate "2018.02.23"]

1. d4 Nf6 2. Bg5 e6 3. e4 h6 4. Bxf6 Qxf6 5. c3 d6 6. Bc4 Qg6 7. Qf3 e5 8. Ne2
Be7 9. Ng3 O-O 10. Nf5 Bf6 11. dxe5 dxe5 12. Na3 Nd7 13. Nb5 c6 14. Nbd6 Nc5 15.
h4 Be6 16. b4 b5 17. Bxb5 cxb5 18. bxc5 Rab8 19. g4 Bd8 20. Kf1 Bd7 21. Rd1 Qe6
22. g5 Kh7 23. gxh6 g6 24. Ne3 Be7 25. Nd5 f5 26. Nc7 Qxa2 27. h5 g5 28. Nxf5
Bxf5 29. exf5 Qc4+ 30. Kg1 e4 31. Qg4 Bf6 32. Ne6 Rf7 33. Rh3 Rg8 34. Re3 a5 35.
Rb1 b4 36. cxb4 a4 37. Qxe4 Qb5 38. Qd3 Qb8 39. c6 g4 40. c7 Qb6 41. Rg3 Be5 42.
Qe3 Bxc7 43. Ng5+ Rxg5 44. Qxg5 1-0

[Event "RUS Rapid GP Serpukhov"]
[Site "Serpukhov RUS"]
[Date "2018.02.24"]
[Round "8.3"]
[White "Alekseev, Evgeny"]
[Black "Timofeev, Artyom"]
[Result "1/2-1/2"]
[WhiteTitle "GM"]
[BlackTitle "GM"]
[WhiteElo "2616"]
[BlackElo "2569"]
[WhiteFideId "4138147"]
[BlackFideId "4140419"]
[EventDate "2018.02.23"]

1. Nf3 c5 2. c4 Nf6 3. Nc3 d5 4. cxd5 Nxd5 5. Qb3 Nc7 6. e3 Nc6 7. Be2 e5 8. O-O
Be7 9. Qc2 O-O 10. b3 Be6 11. Bb2 b6 12. Rad1 Rc8 13. Qb1 h6 14. Ne4 f5 15. Ng3
e4 16. Ne1 Bf6 17. d3 Bxb2 18. Qxb2 exd3 19. Nxd3 Qf6 20. Qxf6 Rxf6 21. Nf4 g6
22. Rd6 Ne5 23. Rfd1 Nf7 24. R6d2 Kf8 25. Nxe6+ Rxe6 26. h4 h5 27. Bc4 Re7 28.
Ne2 Ne5 29. Nf4 Kg7 30. Rd6 Ne8 31. Re6 Rxe6 32. Bxe6 Rb8 33. f3 Kf6 34. Kf2 Nc7
35. Bc4 Ke7 36. Be2 Rd8 37. Ke1 Rxd1+ 38. Kxd1 Kd6 1/2-1/2

[Event "RUS Rapid GP Serpukhov"]
[Site "Serpukhov RUS"]
[Date "2018.02.24"]
[Round "8.4"]
[White "Volkov, Sergey"]
[Black "Kokarev, Dmitry"]
[Result "1/2-1/2"]
[WhiteTitle "GM"]
[BlackTitle "GM"]
[WhiteElo "2612"]
[BlackElo "2608"]
[WhiteFideId "4122763"]
[BlackFideId "4132181"]
[EventDate "2018.02.23"]

1. d4 g6 2. e4 Bg7 3. c4 d6 4. Nc3 c5 5. d5 e6 6. Bd3 Ne7 7. h4 h6 8. Be3 exd5
9. cxd5 a6 10. a4 Nd7 11. Nf3 Nf6 12. Nd2 Ng4 1/2-1/2

[Event "RUS Rapid GP Serpukhov"]
[Site "Serpukhov RUS"]
[Date "2018.02.24"]
[Round "8.5"]
[White "Ponkratov, Pavel"]
[Black "Pridorozhni, Aleksei"]
[Result "1-0"]
[WhiteTitle "GM"]
[BlackTitle "GM"]
[WhiteElo "2605"]
[BlackElo "2570"]
[WhiteFideId "4157800"]
[BlackFideId "4127870"]
[EventDate "2018.02.23"]

1. c4 e6 2. g3 Nf6 3. Bg2 d5 4. Nf3 Nbd7 5. b3 Bd6 6. Bb2 O-O 7. O-O Qe7 8. d3
b6 9. cxd5 exd5 10. Nd4 Bb7 11. Nf5 Qe6 12. Nxd6 Qxd6 13. Nc3 c5 14. d4 Rfd8 15.
Rc1 Rac8 16. Ba3 Qb8 17. dxc5 bxc5 18. Na4 c4 19. Qd4 cxb3 20. axb3 Ba6 21. Qb2
h5 22. Rfd1 Rxc1 23. Rxc1 Re8 24. e3 Ne4 25. Rd1 Ne5 26. Nc5 Nxc5 27. Bxc5 Nd3
28. Qa3 Nxc5 29. Qxc5 Qxb3 30. Qxd5 Bc4 31. Qxh5 a5 32. Bc6 Rb8 33. Rc1 a4 34.
Be4 g6 35. Bxg6 fxg6 36. Qxg6+ Kf8 37. Qd6+ Kg8 38. Qg6+ Kf8 39. Qh6+ Kg8 40.
Qg5+ Kf8 41. Qc5+ 1-0

[Event "RUS Rapid GP Serpukhov"]
[Site "Serpukhov RUS"]
[Date "2018.02.24"]
[Round "8.6"]
[White "Savchenko, Boris"]
[Black "Krylov, Mikhail RUS"]
[Result "0-1"]
[WhiteTitle "GM"]
[BlackTitle "GM"]
[WhiteElo "2550"]
[BlackElo "2476"]
[WhiteFideId "4147332"]
[BlackFideId "4151364"]
[EventDate "2018.02.23"]

1. e4 c5 2. Nf3 e6 3. d4 cxd4 4. Nxd4 Nc6 5. Nc3 Qc7 6. Be3 a6 7. a3 Nf6 8. f4
d6 9. Bd3 Be7 10. Qf3 O-O 11. Qg3 Nh5 12. Qf2 Nxd4 13. Bxd4 Nxf4 14. Qxf4 e5 15.
Nd5 Qd8 16. Bxe5 dxe5 17. Qxe5 Bd6 18. Qh5 g6 19. Qh6 Be6 20. O-O-O Bxd5 21.
exd5 Be5 22. c3 Rc8 23. Rhe1 Bg7 24. Qf4 Qa5 25. Qb4 Qxd5 26. Be4 Qg5+ 27. Kb1
b5 28. Qa5 Qf6 29. Bb7 Rcd8 30. Qxa6 Rxd1+ 31. Rxd1 Qf5+ 32. Ka1 Qc2 33. Bf3
Bxc3 34. Qxb5 Bf6 35. Ka2 Qc7 36. Qc6 Qe5 37. Qc2 Rb8 38. b4 Qxh2 39. Bd5 Qe5
40. Kb3 Rd8 41. Qc4 Kg7 42. Rd2 Rd7 43. Qc5 Rc7 44. Qf2 Qc3+ 45. Ka4 Qe5 46. Qb6
Rd7 47. Qc5 Qe1 48. Rc2 Qd1 49. Bf3 Qd3 50. Re2 Bd4 51. Qa5 Ra7 52. Qxa7 Bxa7
53. Re7 Bb6 54. Bc6 Qd8 0-1

[Event "RUS Rapid GP Serpukhov"]
[Site "Serpukhov RUS"]
[Date "2018.02.24"]
[Round "8.7"]
[White "Morozevich, Alexander"]
[Black "Lavrov, Maxim1"]
[Result "1/2-1/2"]
[WhiteTitle "GM"]
[BlackTitle "IM"]
[WhiteElo "2665"]
[BlackElo "2384"]
[WhiteFideId "4116992"]
[BlackFideId "4166418"]
[EventDate "2018.02.23"]

1. e4 e5 2. Nf3 Nc6 3. Bb5 a6 4. Ba4 Nf6 5. d3 b5 6. Bb3 Be7 7. g4 d6 8. g5 Nd7
9. Bd5 Bb7 10. Be3 Nb6 11. Bxb6 cxb6 12. Rg1 Qd7 13. Nc3 g6 14. d4 b4 15. Ne2
Qc7 16. Qd3 exd4 17. Nfxd4 Ne5 18. Qb3 Bxd5 19. exd5 Qc5 20. O-O-O O-O 21. f4
Nc4 22. h4 a5 23. h5 a4 24. Qh3 b3 25. Kb1 bxc2+ 26. Nxc2 Qb5 27. Qc3 Nxb2 28.
Qxb2 Qxe2 29. Rde1 Qf2 30. Rgf1 Qg2 31. Qd4 Rfe8 32. Rf2 Qh3 33. Rfe2 Qd7 34.
hxg6 fxg6 35. Re6 Bf8 36. f5 gxf5 37. g6 Qb5+ 38. Nb4 Bg7 39. Qh4 hxg6 40. Rxg6
Rxe1+ 41. Qxe1 Re8 42. Re6 Rxe6 43. Qxe6+ Kh8 44. Qc8+ Kh7 45. Qxf5+ Kh8 46.
Qc8+ Kh7 47. Qf5+ Kh8 1/2-1/2